Capitals of Countries "Ruled" by King Charles - Statistics

General Stats
  • This quiz has been taken 49 times
  • The average score is 7 of 15
Answer Stats
Capital % Correct
London
91%
Canberra
82%
Ottawa
80%
Wellington
76%
Kingston
60%
Kingstown
60%
Nassau
47%
Castries
40%
Saint John's
40%
Basseterre
36%
Belmopan
33%
Roseau
29%
Port Moresby
24%
Funafuti
11%
Honiara
9%
No matching quizzes found
Score Distribution
Percent of People with Each Score
Percentile by Number Answered
Your Score History
You have not taken this quiz